Thirukkural : (Record no. 4389)
[ view plain ]
| 000 -LEADER | |
|---|---|
| fixed length control field | 00409nam a2200157Ia 4500 |
| 005 - DATE AND TIME OF LATEST TRANSACTION | |
| control field | 20250323183102.0 |
| 008 - FIXED-LENGTH DATA ELEMENTS--GENERAL INFORMATION | |
| fixed length control field | 240331s9999 xx 000 0 und d |
| 082 ## - DDC Classification | |
| Item Number - Author Mark | POO |
| Class No. | 894 |
| 100 ## - MAIN ENTRY--PERSONAL NAME | |
| Personal name | Poovannan, |
| 245 #0 - TITLE STATEMENT | |
| Title | Thirukkural : |
| Remainder of title | moolamum sirappuraiyum |
| 250 ## - EDITION STATEMENT | |
| Edition statement | 2nd |
| 260 ## - PUBLICATION, DISTRIBUTION, ETC. | |
| Place of publication, distribution, etc. | Chennai |
| Name of publisher, distributor, etc. | Varththmaanan pathipagam |
| Date of publication, distribution, etc. | 1991 |
| 300 ## - PHYSICAL DESCRIPTION | |
| Extent (e.g. Volumes, Pages etc.) | 303 p ., |
| 500 ## - GENERAL NOTE | |
| General note | Thirukural moolamum sirapooraium |
| 942 ## - Koha item type (Biblio) | |
| Koha item type | Books in Stacks (Lending) |
| Lost status | Damaged status | Collection code | Home library | Current library | Shelving location | Date acquired | Full call number | Accession Number | Item type |
|---|---|---|---|---|---|---|---|---|---|
| Lending | WERC Library | WERC Library | Social Science Cupboard | 03/31/2024 | 894.811 POO | 831 | Books in Stacks (Lending) |
